En la Vega : (Registro nro. 13381)

Detalles MARC
000 -LIDER
fixed length control field 02942nam a22002657a 4500
003 - IDENTIFICACDOR DE NÚMERO DE CONTROL
control field DO-SdBNP
005 - DATE AND TIME OF LATEST TRANSACTION
control field 20220225082840.0
008 - ELEMENTOS DE LONGITUD FIJA
fixed length control field 210226b2014 dr 00| 0 spa d
020 ## - ISBN
International Standard Book Number 9789945462746
040 ## - FUENTE DE CATALOGACIÓN
Agencia que crea de manera original el registro BPMSU
Idioma de catalogación spa
Agencia que realiza la transcripción BPMSU
082 ## - NÚMERO DE CLASIFICACIÓN DECIMAL DE DEWEY
Classification number 972.93053
Item number P426e 2014
Edition number 22
100 1# - ASIENTO PRINCIPAL -- NOMBRE PERSONAL
Nombre personal Peralta Michel , José
Fechas asociadas con el nombre 1931-
245 10 - MENCIÓN DE TITULO
Título En la Vega :
Subtítulo resistencia antitrujillista y más allá /
Mención de responsabilidad José Peralta Michel
250 ## - MENCIÓN DE EDICION
Mención de edición 2a ed.
Mención de responsabilidad relacionada con la edición
260 ## - PUBLICACIÓN, DISTRIBUCIÓN, ETC. (PIE DE IMPRENTA)
Lugar de publicación, distribución, etc Santo Domingo :
Nombre del editor, distribuidor, etc. Comisión Permanente de Efemérides Patria,
Fecha de publicación, distribución, etc 2014
300 ## - DESCRIPCIÓN FÍSICA
Extensión 242 p.:
Otros detalles físicos il.;
Dimensiones 22 cm.
500 ## - NOTA GENERAL
Nota general incluyes datos biográficos del autor en la contracubierta
505 0# - NOTA DE CONTENIDO
Texto normalizado de contenido prólogo. El antitrujillismo en la Vega / Pedro Antonio Valdez --<br/>Mis primeros conocimientos de Trujillo -- Una agresión injustificable -- Un testimonio: historia de la causa -- La Juventud Democrática en La Vega -- El Partido Socialista Popular (PSP) -- Comunicación histórica --Cambio de vida y actitud frente al régimen -- Juan Rodriguez García: asedio y exilio -- José Espaillat Rodríguez. Persecución y exilio -- Resistencia y actividades conspirativas. Apresamientos, represión y muertes -- Veganos marcados por la tiranía -- Final de un decenio de actividades revolucionarias y represivas -- El proyecto revolucionario de los hermanos Batista Clisante -- Ney Pimentel: resistencia y muerte brutal -- Comienzo de la resistencia y la conspiración interna en el 1959 -- En La Vega: resistencia y conspiración -- Mártires veganos en Constanza, Maimón y Estero Hondo -- Reactivación de la conspiración -- Nuevo proyecto conspirativo ampliado -- Las acciones revolucionarias de 10 y 11 de octubre -- Descubrimiento de las acciones y prisión -- Las torturas de "La 40" -- Encierro en solitarias en la cárcel de "La Victoria" -- Mi permanencia en solitaria -- Dramático comportamiento de mi hermana Ninón -- Cambio sorpresivo y encuentro familiar -- De solitarias a "el pasillo" -- De nuevo a "La 40" Resistencia de veganos y represión -- La "magnanimidad" de Trujillo en su carta de indulto -- Regreso al hogar -- La Iglesia y Trujillo 164 La madrugada del 31 de mayo y prisión -- Firmantes de UCN y renuncia al Partido Dominicano -- El 14 de Junio en La Vega -- Ataque y destrucción del local del 14 de Junio -- Asalto a las residencias del Dr. Gómez Yangüela y de Francisco Gómez Estrella -- La noche del 19 noviembre -- Veganos en la insurrección constitucionalista de 1963 188 La muerte de Alfredo Antonio y otros hechos de Las Manaclas -- Vigilancia y persecución -- La Vega y revolución constitucionalista -- La muerte de Carlos José Sebastián Gómez -- La muerte de Stalin García Muñoz.
590 ## - NOTA LOCAL
Enlace Inventariado, 2021/VM
650 #4 - ENCABEZAMIENTO DE MATERIA--TEMÁTICO
Término temático o nombre geográfico como elemento de entrada
651 #4 - ENCABEZAMIENTO DE MATERIA--NOMBRE GEOGRÁFICO
Nombre geográfico La Vega (República Dominicana)
Subdivisión temática general Historia local.
651 #4 - ENCABEZAMIENTO DE MATERIA--NOMBRE GEOGRÁFICO
Nombre geográfico República Dominicana
Subdivisión temática general Historia
Subdivisión cronológica Era de Trujillo -- 1930-1961
910 ## - VALIDACIÓN
Validación MCabrera /VMateo
942 ## - ADDED ENTRY ELEMENTS (KOHA)
Source of classification or shelving scheme Dewey Decimal Classification
Koha item type Libros
Existencias
Withdrawn status Lost status Source of classification or shelving scheme Damaged status Not for loan Collection code Home library Current library Date acquired Source of acquisition Full call number Barcode Date last seen Copy number Price effective from Koha item type
    Dewey Decimal Classification     Colección Dominicana Biblioteca Pública Metropolitana Salomé Ureña Biblioteca Pública Metropolitana Salomé Ureña 02/26/2021 Compra BPMSU CD 972.93053 P426e 2014 BPMSU21020019 02/26/2021 e.3 02/26/2021 Libros
    Dewey Decimal Classification     Colección Dominicana Biblioteca Pública Metropolitana Salomé Ureña Biblioteca Pública Metropolitana Salomé Ureña 02/26/2021 Compra BPMSU CD 972.93053 P426e 2014 BPMSU21020018 02/26/2021 e.2 02/26/2021 Libros
    Dewey Decimal Classification     Colección Dominicana Biblioteca Pública Metropolitana Salomé Ureña Biblioteca Pública Metropolitana Salomé Ureña 02/26/2021 Compra BPMSU CD 972.93053 P426e 2014 BPMSU21020017 02/26/2021   02/26/2021 Libros